Cserkészélet Baján (1921-1948)

Elmentve itt :
Bibliográfiai részletek
Szerző: Kisszabó Kálmán
További közreműködők: Bezdán Sándor (Témavezető)
Dokumentumtípus: Szakdolgozat
Megjelent: 1998
Tárgyszavak:
Online Access:http://diploma.bibl.u-szeged.hu/89563
LEADER 00630nta a2200193 i 4500
001 dipl89563
005 20230406135040.0
008 201112s1998 hu om 0|| zxx d
040 |a SZTE Diploma Repozitórium  |b hun 
041 |a zxx 
100 1 |a Kisszabó Kálmán 
245 1 0 |a Cserkészélet Baján (1921-1948)  |h [elektronikus dokumentum] /  |c Kálmán Kisszabó 
260 |c 1998 
650 4 |a Pedagógusképzés 
650 4 |a Humanities 
650 4 |a History and archaeology 
650 4 |a History 
700 1 |a Bezdán Sándor  |e ths 
856 4 0 |u https://diploma.bibl.u-szeged.hu/id/eprint/89563/1/1998_kisszabo_kalman.pdf  |z Dokumentum-elérés